[Event "St Petersburg-ch sf"]
[Site "St Petersburg"]
[Date "2011.02.11"]
[Round "1"]
[White "Pischikov, Vadim"]
[Black "Frolochkin, Vladimir"]
[Result "0-1"]
[WhiteElo "2092"]
[BlackElo "2328"]
[PlyCount "110"]
[EventDate "2011.02.11"]
[EventType "swiss"]
[EventRounds "9"]
[EventCountry "RUS"]
[SourceTitle "CBM 141 Extra"]
[Source "ChessBase"]
[SourceDate "2011.05.03"]
[SourceVersion "1"]
[SourceVersionDate "2011.05.03"]
[SourceQuality "1"]

1. d4 Nf6 2. c4 e6 3. Nf3 c5 4. d5 b5 5. Bg5 h6 6. Bxf6 Qxf6 7. Qc2 g5 8. e4 g4 9. Nfd2 b4 10. a3 Na6 11. Nb3 Bg7 12. Ra2 h5 13. Be2 Qf4 14. g3 Qf6 15. h4 gxh3 16. Rxh3 h4 17. Qd3 Ke7 18. N1d2 bxa3 19. bxa3 hxg3 20. Qxg3 Rxh3 21. Qxh3 d6 22. Qd3 Bd7 23. Ra1 Qb2 24. Qb1 Qc3 25. Qa2 Rh8 26. Rc1 Rh1+ 27. Bf1 Qh3 28. Ke2 Qg4+ 29. Kd3 exd5 30. Re1 dxc4+ 31. Nxc4 Rxf1 32. Rxf1 Qf3+ 33. Ne3 Bb5+ 34. Kc2 Qxe4+ 35. Kc1 Bxf1 36. Nd2 Qd3 37. Ndxf1 Kf8 38. Nd2 Nc7 39. Qb3 Qxb3 40. Nxb3 Bh6 41. Kd2 Ke7 42. Kd3 Bxe3 43. fxe3 f5 44. Na5 a6 45. Nc6+ Kd7 46. Nb8+ Ke6 47. Nc6 d5 48. a4 Kd6 49. Nd8 Ne6 50. Nf7+ Kc6 51. Kc3 f4 52. exf4 Nxf4 53. Nd8+ Kb6 54. Kb3 Ne2 55. Ne6 Nd4+ 0-1

[Event "Chigorin Memorial 18th"]
[Site "St Petersburg"]
[Date "2010.11.02"]
[Round "6"]
[White "Minina, Veronika"]
[Black "Pischikov, Vadim"]
[Result "1-0"]
[WhiteElo "2147"]
[BlackElo "2041"]
[PlyCount "71"]
[EventDate "2010.10.28"]
[EventType "swiss"]
[EventRounds "9"]
[EventCountry "RUS"]
[SourceTitle "EXT 2011"]
[Source "ChessBase"]
[SourceDate "2010.11.26"]
[SourceVersion "1"]
[SourceVersionDate "2010.11.26"]
[SourceQuality "1"]

1. Nf3 Nf6 2. g3 g6 3. Bg2 Bg7 4. c4 d6 5. d4 0-0 6. 0-0 Nc6 7. Nc3 a6 8. b3 Rb8 9. a4 e5 10. Bb2 e4 11. Ne1 Re8 12. e3 Bg4 13. Qb1 Qd7 14. Nxe4 Nxe4 15. Bxe4 Be2 16. Bg2 b5 17. cxb5 axb5 18. Qc2 Nxd4 19. Bxd4 Bxd4 20. exd4 bxa4 21. bxa4 Qg4 22. Qc3 c5 23. Nc2 Bxf1 24. Bxf1 Rec8 25. a5 Qd7 26. Ne3 Qa7 27. dxc5 Rxc5 28. Qd4 Ra8 29. a6 Rc6 30. Qe4 Rc5 31. Nd5 f5 32. Qe6+ Qf7 33. Qxf7+ Kxf7 34. a7 Rxd5 35. Bc4 Ke6 36. Ra5 1-0

[Event "St Petersburg White Nights op"]
[Site "St Petersburg"]
[Date "2010.06.19"]
[Round "4"]
[White "Pischikov, Vadim"]
[Black "Balashov, Alexander"]
[Result "1-0"]
[WhiteElo "2040"]
[BlackElo "1843"]
[PlyCount "25"]
[EventDate "2010.06.16"]
[EventType "swiss"]
[EventRounds "9"]
[EventCountry "RUS"]
[SourceTitle "EXT 2011"]
[Source "ChessBase"]
[SourceDate "2010.11.26"]
[SourceVersion "1"]
[SourceVersionDate "2010.11.26"]
[SourceQuality "1"]

1. d4 f5 2. g4 e6 3. gxf5 exf5 4. e4 Qe7 5. e5 d6 6. Nf3 h6 7. Bc4 Nc6 8. Nc3 dxe5 9. Nd5 Qd8 10. dxe5 g5 11. Nh4 h5 12. Bxg5 Qxg5 13. Nxc7+ 1-0

[Event "St Petersburg White Nights op"]
[Site "St Petersburg"]
[Date "2010.06.16"]
[Round "1"]
[White "Chuprova, Irina"]
[Black "Pischikov, Vadim"]
[Result "0-1"]
[WhiteElo "1698"]
[BlackElo "2040"]
[PlyCount "94"]
[EventDate "2010.06.16"]
[EventType "swiss"]
[EventRounds "9"]
[EventCountry "RUS"]
[SourceTitle "EXT 2011"]
[Source "ChessBase"]
[SourceDate "2010.11.26"]
[SourceVersion "1"]
[SourceVersionDate "2010.11.26"]
[SourceQuality "1"]

1. e4 c6 2. d4 d5 3. f3 g6 4. c3 Bg7 5. Be3 e5 6. dxe5 Bxe5 7. exd5 cxd5 8. Bd4 Qh4+ 9. Bf2 Qe7 10. Bb5+ Bd7 11. Bxd7+ Nxd7 12. Ne2 Ngf6 13. 0-0 0-0 14. f4 Bd6 15. Bd4 Ne4 16. Nd2 f5 17. Nf3 Ndf6 18. Qc2 Rfe8 19. h3 b6 20. a4 Qc7 21. Be5 Rad8 22. Ned4 Bxe5 23. Nxe5 Nd7 24. Nd3 a5 25. Rad1 Re7 26. Nb5 Qb8 27. Rf3 Nef6 28. Nd4 Qb7 29. b4 axb4 30. cxb4 Rc8 31. Qb3 Ne4 32. Nb5 Kf8 33. Nf2 Ndf6 34. Nxe4 Nxe4 35. Qxd5 Qxd5 36. Rxd5 Rc1+ 37. Kh2 Rb1 38. Rd4 Nf6 39. Nc3 Ra1 40. Rd6 Kf7 41. Rxb6 Ree1 42. a5 Rac1 43. Kg3 Rc2 44. Rc6 Nh5+ 45. Kh4 Rxg2 46. a6 Rh1 47. a7 Rg4# 0-1